LIBRARY & INFORMATION CENTRE, KCAET, TAVANUR

ONLINE PUBLIC ACCESS CATALOGUE (OPAC)

Mrighanayani / (Record no. 11481)

MARC details
000 -LEADER
fixed length control field 00434cam a2200181ua 4500
041 ## - LANGUAGE CODE
Language code of text/sound track or separate title hin
082 ## - DEWEY DECIMAL CLASSIFICATION NUMBER
Classification number 891.43
Item number VRI/MR
100 ## - MAIN ENTRY--AUTHOR NAME
Personal name Vrindavanlal, Verma .
245 ## - TITLE STATEMENT
Title Mrighanayani /
250 ## - EDITION STATEMENT
Edition statement 11 /
260 ## - PUBLICATION, DISTRIBUTION, ETC. (IMPRINT)
Place of publication Jhansi :
Name of publisher Mathur Prakashan ,
Year of publication 1962.
300 ## - PHYSICAL DESCRIPTION
Number of Pages 494 ; .
942 ## - ADDED ENTRY ELEMENTS (KOHA)
Koha item type Books
Holdings
Withdrawn status Lost status Damaged status Home library Current library Date acquired Full call number Accession Number Koha item type Public note
Withdrawn     KAUAET Sanskrit University 07/04/2012 891.43 6292 Books Transferred to Sanskrit University
free website counter